00729nam a2200181 a 450000100100000000500170001000800410002704000250006808200160009311000600010924500530016926000450022230000200026704900090028795201140029695201200041099900170053000002951720200930055616.0110418s1994 dr 000 0 spa d aDO-SdBNPbspacBNPHU axxxxbC399f2 aCentro de Planificación y Acción Ecuménica95411910aCEPAE :bfilosofía, estrategias y políticas. aSanto Domingo :bEdiciones CEPAE,c1994. a44 p. ;c22 cm. aBNPD 0010718PDaPDbPDcCTd2011-04-18iLF1l0oxxxx C399fp29517-10r2020-06-25w2020-06-25yLFPDZNo se presta 0010718PDaPDbPDcCTd2011-05-03iLF1l0oxxxx C399fp29517-20r2020-06-25te. 2w2020-06-25yLFPDZNo se presta c29009d29009